SÜPERMEN VE UĞUR BÖCEĞİ (Record no. 683674)
[ view plain ]
| 000 -LEADER | |
|---|---|
| sabit uzunluktaki kontrol alanı | 00259nam a2200097Ia 4500 |
| 001 - KONTROL NUMARASI | |
| kontrol alanı | 683674 |
| 005 - EN SON İŞLEMİN TARİH VE ZAMANI | |
| kontrol alanı | 20250826161443.0 |
| 008 - SABİT-UZUNLUKTA VERİ ÖĞELERİ--GENEL BİLGİ | |
| sabit uzunluktaki kontrol alanı | 250824s9999 xx 000 0 und d |
| 245 #0 - ESER / YAZAR | |
| ESER ADI | SÜPERMEN VE UĞUR BÖCEĞİ |
| Yazar Adı | AHMET ŞERİF İZGÖREN |
| 260 ## - YAYIN, DAĞITIM, VB. | |
| YAYIN EVİ | ELMA YAYINLARI |
| Düşüm durumu | Kayıp durumu | Hasar Durumu | Ödünç verilmez | Ana kütüphane | Geçerli Kütüphane | Edinilen tarih | Toplam ödünç verme sayısı | Barkod | Son görüntüleme tarihi | Fiyatın geçerli olmaya başladığı tarih | Koha materyal türü | Sınıflandırma Kaynağı veya raf şeması | Tam yer numarası |
|---|---|---|---|---|---|---|---|---|---|---|---|---|---|
| ADNAN AKGÜL ÖZEL EĞİTİM MESLEK LİSESİ | ADNAN AKGÜL ÖZEL EĞİTİM MESLEK LİSESİ | 24.08.2025 | 1018924 | 26.08.2025 | 26.08.2025 | Books | |||||||
| CEMİL MERİÇ ANADOLU LİSESİ | CEMİL MERİÇ ANADOLU LİSESİ | 17.10.2025 | 10716234 | 17.10.2025 | 17.10.2025 | Books | Dewey Ondalık Sınıflama | c2 |